<?xml version="1.0" encoding="UTF-8"?>
<collection xmlns="http://www.loc.gov/MARC21/slim">
  <record>
    <leader>00000nam  2200000   4500</leader>
    <controlfield tag="001">$a INLIS000000000017138</controlfield>
    <controlfield tag="005">$a 20260423153219</controlfield>
    <controlfield tag="008">$a 260423################g##########0#ind##</controlfield>
    <datafield tag="020" ind1="#" ind2="#">
      <subfield code="a"/>
    </datafield>
    <datafield tag="035" ind1="#" ind2="#">
      <subfield code="a">0010-0624000041</subfield>
    </datafield>
    <datafield tag="082" ind1="#" ind2="#">
      <subfield code="a">352.14</subfield>
    </datafield>
    <datafield tag="084" ind1="#" ind2="#">
      <subfield code="a">352.14 PRO</subfield>
    </datafield>
    <datafield tag="100" ind1=" " ind2="#">
      <subfield code="a"/>
    </datafield>
    <datafield tag="245" ind1="#" ind2="#">
      <subfield code="a">Prospek Penyelenggaraan Pemerintahan Daerah Pasca PP No. 38 &amp; 41 Tahun 2007</subfield>
      <subfield code="b"/>
      <subfield code="c"/>
    </datafield>
    <datafield tag="260" ind1="#" ind2="#">
      <subfield code="a">Samarinda :</subfield>
      <subfield code="b">PKP2A III LAN,</subfield>
      <subfield code="c">2007</subfield>
    </datafield>
    <datafield tag="300" ind1="#" ind2="#">
      <subfield code="a">123 halaman :</subfield>
      <subfield code="b">ilus ;</subfield>
      <subfield code="c">21 cm</subfield>
      <subfield code="e"/>
    </datafield>
    <datafield tag="520" ind1=" " ind2="#">
      <subfield code="a"/>
    </datafield>
    <datafield tag="650" ind1="#" ind2="#">
      <subfield code="a">Otonomi Daerah</subfield>
    </datafield>
    <datafield tag="700" ind1=" " ind2="#">
      <subfield code="a"/>
    </datafield>
    <datafield tag="856" ind1="#" ind2="#">
      <subfield code="a"/>
    </datafield>
    <controlfield tag="csr">$a 34dcfa20a65c8707b2822d2a55bb034c</controlfield>
  </record>
</collection>
